| 000 | 00603nam a2200193 i 4500 | ||
|---|---|---|---|
| 001 | 49279 | ||
| 003 | ES-MaACL | ||
| 005 | 20251123063302.0 | ||
| 007 | t| | ||
| 008 | 030711s1932 sp ||||1| spa d | ||
| 100 | 1 |
_aCortés, Hernán, _d1485-1547 _940853 |
|
| 245 | 1 | 0 |
_aCartas de relación de la conquista de Méjico / _cHernán Cortés. |
| 250 | _a2ª ed. | ||
| 260 |
_aBilbao : _bEspasa-Calpe, _c1932. |
||
| 300 |
_a2 v. ; _c19 cm. |
||
| 651 | 4 |
_aMéxico- _xHistoria- _y1517-1521, Descubrimiento y conquista. _9136484 |
|
| 852 |
_aES-MaACL _jF-15311-12 _bR.18296 |
||
| 999 |
_c49279 _d49279 |
||